|
|
|
|
| LEADER |
01660cas a2200241 a 4500 |
| 001 |
AALejournalIMF001074 |
| 008 |
230101c9999 xx r poo 0 0eng d |
| 020 |
|
|
|c 5.00 USD
|
| 020 |
|
|
|z 9781451832129
|
| 022 |
|
|
|a 1934-7685
|
| 040 |
|
|
|a BD-DhAAL
|c BD-DhAAL
|
| 110 |
2 |
|
|a International Monetary Fund.
|
| 245 |
1 |
0 |
|a Portugal :
|b Selected Issues.
|
| 264 |
|
1 |
|a Washington, D.C. :
|b International Monetary Fund,
|c 1999.
|
| 300 |
|
|
|a 1 online resource (101 pages)
|
| 490 |
1 |
|
|a IMF Staff Country Reports
|
| 500 |
|
|
|a <strong>Off-Campus Access:</strong> No User ID or Password Required
|
| 500 |
|
|
|a <strong>On-Campus Access:</strong> No User ID or Password Required
|
| 506 |
|
|
|a Electronic access restricted to authorized BRAC University faculty, staff and students
|
| 520 |
3 |
|
|a This Selected Issues paper examines the education system and public investment in Portugal. Both areas are generally considered as critical for Portugal's prospects for sustaining or accelerating the drive toward real income convergence. Moreover, both areas absorb a substantial share of public resources and thus have important implications for fiscal balances, which are, under European Monetary Union, constrained by the Stability and Growth Pact. The paper assesses the performance of the Portuguese education system and delineates a possible agenda for reform. It also attempts to shed light on the role of public investment in Portugal.
|
| 538 |
|
|
|a Mode of access: Internet
|
| 830 |
|
0 |
|a IMF Staff Country Reports; Country Report ;
|v No. 1999/135
|
| 856 |
4 |
0 |
|z Full text available on IMF
|u http://elibrary.imf.org/view/journals/002/1999/135/002.1999.issue-135-en.xml
|z IMF e-Library
|